Informácie o veľkej časti úverov sa stali verejnými
Register záložných práv, ktorý svojou kvalitou a komfortom nemá v krajinách únie rovnocenného partnera. Využitie registra podnikateľmi a verejnosťou. Definíciu CIS obsahuje zákon č. 561/2001 Z.z., ktorým sa mení a dopĺňa zákon o daniach z príjmov. Charakteristika CIS. Financovanie CIS. Poplatky za r...
Gespeichert in:
| 1. Verfasser: | |
|---|---|
| Format: | Buchkapitel |
| Sprache: | Slowakisch |
| Schlagworte: | |
| Tags: |
Keine Tags, Fügen Sie das erste Tag hinzu!
|
MARC
| LEADER | 00000naa a2200000 4500 | ||
|---|---|---|---|
| 001 | r049641 | ||
| 005 | 20230921115101.4 | ||
| 041 | 0 | |a slo | |
| 044 | |a SK | ||
| 245 | 1 | 0 | |a Informácie o veľkej časti úverov sa stali verejnými |c Zuzana Fričová |
| 520 | |a Register záložných práv, ktorý svojou kvalitou a komfortom nemá v krajinách únie rovnocenného partnera. Využitie registra podnikateľmi a verejnosťou. Definíciu CIS obsahuje zákon č. 561/2001 Z.z., ktorým sa mení a dopĺňa zákon o daniach z príjmov. Charakteristika CIS. Financovanie CIS. Poplatky za registráciu záložného práva. Bezpečnosť. | ||
| 610 | 2 | 0 | |a právo záložné |
| 610 | 2 | 0 | |a registre |
| 610 | 2 | 0 | |a financovanie |
| 610 | 2 | 0 | |a poplatky |
| 610 | 2 | 0 | |a bezpečnosť |
| 610 | 2 | 0 | |a zákony |
| 610 | 2 | 0 | |a CIS |
| 610 | 2 | 0 | |a úver |
| 100 | 1 | |a Fričová, Zuzana | |